Design logic and computer design (Record no. 184245)

000 -LEADER
fixed length control field 00358nam a2200121Ia 4500
008 - FIXED-LENGTH DATA ELEMENTS--GENERAL INFORMATION
fixed length control field 220217s9999||||xx |||||||||||||| ||und||
082 ## - DEWEY DECIMAL CLASSIFICATION NUMBER
Classification number 621.395 MAN
100 ## - MAIN ENTRY--PERSONAL NAME
Personal name Mano, Morris, M
9 (RLIN) 709
245 #0 - TITLE STATEMENT
Title Design logic and computer design
260 ## - PUBLICATION, DISTRIBUTION, ETC.
Place of publication, distribution, etc. Pearson education
Name of publisher, distributor, etc. New Delhi
Date of publication, distribution, etc. 2011
300 ## - PHYSICAL DESCRIPTION
Extent XII, 612p.
Other physical details 375
650 ## - SUBJECT ADDED ENTRY--TOPICAL TERM
Topical term or geographic name entry element DIGITAL DESIGN/LOGIC DESIGN
Holdings
Withdrawn status Lost status Damaged status Not for loan Collection code Home library Current library Date acquired Total Checkouts Full call number Barcode Date due Date last seen Date last checked out Price effective from Koha item type
        Electronics and Communication Engineering Central Library Central Library 02/18/2022 1 621.395 MAN 19434 03/22/2024 03/23/2023 03/23/2023 02/18/2022 Books

Powered by Koha